000 01041nam a22003617a 4500
001 0043295
003 KOHA_MİRAKIL
005 20260207003344.0
007 ta
008 130730b2007 tu a|||gr||||#0|||1|tur |
020 _a9789754376203
040 _aTR-BiSEU
_btur
_cTR-BiSEU
_erda
041 0 _atur
044 _ctu
050 _aPL239.E53
_bS45 2007
100 1 _aEnç, Mitat.
245 1 _aSelamlık sohbetleri/
_cMitat Enç ; Mitat Enç.
264 1 _aİstanbul :
_bÖtüken Neşriyat
_c2007
300 _a237 sayfa :
_bresim ;
_c20 cm.
336 _ametin
_btxt
_2rdacontent
337 _aaracısız
_bn
_2rdamedia
338 _acilt
_bnc
_2rdacarrier
490 1 _aÖtüken Neşriyat ;
_vno.
490 1 _a680.
490 1 _aKültür Serisi ;
_v333.
650 0 _aTürk edebiyatı--Anı.
_927181
650 0 _aTurkish literature--Memoir.
_927182
830 1 _aÖtüken Neşriyat ;
_vno.
_911308
830 1 _a680.
_95546
830 1 _aKültür Serisi ;
_v333.
_96554
907 _aAnı/Günlük
942 _2lcc
_cBK
999 _c43116
_d43116